Tội sử dụng thông tin nội bộ để mua bán chứng khoán trong luật hình sự Việt Nam - Lý luận và thực tiễn : Luận văn Thạc sỹ Luật học. Chuyên ngành Luật Kinh tế

Trên cơ sở nghiên cứu có một cách có hệ thống cơ sở lý luận liên quan đến tội sử dụng thông tin nội bộ để mua bán chứng khoán, đồng thời phân tích thực trạng, nguyên nhân điều kiện phạm tội, phân tích tác động, ảnh hưởng của hành...

ver descrição completa

Na minha lista:
Detalhes bibliográficos
Autor principal: Nguyễn, Văn Tròn
Formato: Livro
Idioma:Undetermined
Publicado em: Cần Thơ Trường Đại học Cần Thơ 2015
Assuntos:
Tags: Adicionar Tag
Sem tags, seja o primeiro a adicionar uma tag!
Thư viện lưu trữ: Trung tâm Học liệu Trường Đại học Cần Thơ
LEADER 01631nam a2200241Ia 4500
001 CTU_198603
008 210402s9999 xx 000 0 und d
082 |a 346.5970922 
082 |b Tr429 
088 |a 603850 
100 |a Nguyễn, Văn Tròn 
245 0 |a Tội sử dụng thông tin nội bộ để mua bán chứng khoán trong luật hình sự Việt Nam - Lý luận và thực tiễn : 
245 0 |b Luận văn Thạc sỹ Luật học. Chuyên ngành Luật Kinh tế 
245 0 |c Nguyễn Văn Tròn ; Phạm Văn Beo (Người hướng dẫn) 
260 |a Cần Thơ 
260 |b Trường Đại học Cần Thơ 
260 |c 2015 
520 |a Trên cơ sở nghiên cứu có một cách có hệ thống cơ sở lý luận liên quan đến tội sử dụng thông tin nội bộ để mua bán chứng khoán, đồng thời phân tích thực trạng, nguyên nhân điều kiện phạm tội, phân tích tác động, ảnh hưởng của hành vi này đối với thị trường tài chính tiền tệ,chỉ ra mối liên hệ tiêu cực giữa hành vi sử dụng thông tin nội bộ để mua bán chứng khoán với nền kinh tế. 
650 |a Stocks,Chứng khoán 
650 |x Law and legislation,Luật và văn bản quy phạm pháp luật 
650 |z Vietnam,Việt Nam 
904 |i Mai Minh Khoa (Thầy Hải) 
980 |a Trung tâm Học liệu Trường Đại học Cần Thơ